| 000 | 00642nam a2200205 i 4500 | ||
|---|---|---|---|
| 001 | 14259 | ||
| 003 | ES-MaACL | ||
| 005 | 20230906150747.0 | ||
| 007 | t| | ||
| 008 | 981123s1989 xxu ||||1| eng d | ||
| 020 | _a0-674-72109-8 | ||
| 080 | _a159.922.1-055.2 | ||
| 245 | 0 | 4 |
_aThe psychology of today's woman _b: new psychoanalytic visions / _cedited by Toni Bernay, Dorothy W. Cantor. |
| 260 |
_aHarvard : _bUniversity Press, _c[1989] |
||
| 300 |
_aXVII, 377 p. ; _c23 cm. |
||
| 650 | 1 | 4 |
_aMujeres- _xPsicologĂa. _915309 |
| 700 | 1 |
_aBernay, Toni. _928306 |
|
| 700 | 1 |
_aCantor, Dorothy W. _934688 |
|
| 852 |
_aES-MaACL _jL-21524 _bR.118599 |
||
| 999 |
_c14259 _d14259 |
||